| 000 | 00750nam a2200217 a 4500 | ||
|---|---|---|---|
| 001 | 000035600 | ||
| 003 | DO-SdBNP | ||
| 005 | 20250410144127.0 | ||
| 008 | 090916s2010 dr ac 000 i spa d | ||
| 020 | _a9789945460490 | ||
| 040 |
_aDO-SdBNP _bspa _cBNPHU |
||
| 082 |
_aRD866 _bM896 2010 |
||
| 100 | 1 |
_aMoscoso Puello, F. E., _q(Francisco Eugenio) _d1885-1959 _958361 |
|
| 245 | 1 | 0 |
_aCartas a Evelina / _cFrancisco Eugenio Moscoso Puello ; edición Mélida García, Miguel de Camps. |
| 250 | _a4a. ed. | ||
| 260 |
_aSanto Domingo : _bSantuario, _c2010. |
||
| 300 |
_a207 p. : _bil. ; _c22 cm. |
||
| 650 | 4 |
_aAutores dominicanos _ySIGO XX _xCorrespondencia, memorias, etc. _961506 |
|
| 910 | _aValidado. Control de calidad MFF | ||
| 942 |
_2ddc _cLBS1 |
||
| 999 |
_c35091 _d35091 |
||